Making of green knowledge: environmental politics and cultural transformation (Record no. 215264)

MARC details
000 -LEADER
fixed length control field 00560nam a2200169Ia 4500
008 - FIXED-LENGTH DATA ELEMENTS--GENERAL INFORMATION
fixed length control field 210719s2001 xx 000 0 und d
020 ## - INTERNATIONAL STANDARD BOOK NUMBER
International Standard Book Number 0-521-79687-3
041 ## - LANGUAGE CODE
Language code of text/sound track or separate title eng
082 ## - DEWEY DECIMAL CLASSIFICATION NUMBER
Classification number 363.7 JAMM
100 ## - MAIN ENTRY--PERSONAL NAME
Personal name JAMISON (Andrew)
245 ## - TITLE STATEMENT
Title Making of green knowledge: environmental politics and cultural transformation
260 ## - PUBLICATION, DISTRIBUTION, ETC.
Place of publication, distribution, etc. UK
Name of publisher, distributor, etc. Cambridge University Press
Date of publication, distribution, etc. 2001
300 ## - PHYSICAL DESCRIPTION
Extent xi,205
Other physical details PB
650 ## - SUBJECT ADDED ENTRY--TOPICAL TERM
Topical term or geographic name entry element Environment
650 ## - SUBJECT ADDED ENTRY--TOPICAL TERM
Topical term or geographic name entry element Social Work
906 ## - LOCAL DATA ELEMENT F, LDF (RLIN)
a and ; cultural ; environmental ; green ; knowledge: ; Making ; of ; politics ; transformation
Holdings
Withdrawn status Lost status Damaged status Not for loan Collection code Home library Current library Date acquired Total Checkouts Full call number Barcode Date last seen Price effective from Koha item type
          St Aloysius Library St Aloysius Library 03/11/2011   363.7 JAMM D03881 07/19/2021 07/19/2021 Donated Books